000
00210 a2200097 4500
001
7111
100
_a
Rajput, A.B
245
_a
Architecture in Pakistan
260
_a
_b
Pak Publication
_c
090
_c
5881
_d
5881
942
_a
NUST-CAE
_c
M
_c
32357
999
_c
242184
_d
242184